Spanish English dictionary. (Record no. 16848)

000 -LEADER
fixed length control field 00480nam a2200169 a 4500
001 - CONTROL NUMBER
control field :::00020149$&:&@@
003 - CONTROL NUMBER IDENTIFIER
control field OkBaRHE
005 - DATE AND TIME OF LATEST TRANSACTION
control field 20020123124338.0
008 - FIXED-LENGTH DATA ELEMENTS--GENERAL INFORMATION
fixed length control field s1987 j 000 0 eng u
040 ## - CATALOGING SOURCE
Transcribing agency
100 1# - MAIN ENTRY--PERSONAL NAME
Personal name Ramondino, Salvatore
245 10 - TITLE STATEMENT
Title Spanish English dictionary.
260 ## - PUBLICATION, DISTRIBUTION, ETC. (IMPRINT)
Place of publication, distribution, etc New York
Name of publisher, distributor, etc Pocket Books
Date of publication, distribution, etc 1987
300 ## - PHYSICAL DESCRIPTION
Extent 475 p.
942 ## - ADDED ENTRY ELEMENTS (KOHA)
Source of classification or shelving scheme
Koha item type Books
Copies
Copy number Price effective from Damaged status Date last seen Permanent Location Koha item type Source of classification or shelving scheme Date acquired Lost status Barcode Withdrawn status Shelving location Full call number Not for loan
12010-04-14 2010-04-14RHEMA Bible Training CollegeBooks 2010-04-14 20149 General StacksPC 4640 .R3